000 00291nam a22001337a 4500
008 170223b xxu||||| |||| 00| 0 eng d
020 _a0070558167
041 _aeng
080 _24TH
_a616.31
100 _a5
101 _aSHK
245 _aPRINCIPLES OF SURGERY
_cSCHWARTZ
942 _2udc
_cBK
999 _c6143
_d6143